MARC details
| 000 -CABECERA |
| campo de control de longitud fija |
02422nab a2200289 a 4500 |
| 005 - FECHA Y HORA DE LA ÚLTIMA TRANSACCIÓN |
| campo de control |
20250411063839.0 |
| 008 - ELEMENTOS DE LONGITUD FIJA--INFORMACIÓN GENERAL |
| campo de control de longitud fija |
991125c2016 cu qr p o 000 0 spa d |
| 035 ## - NÚMERO DE CONTROL DEL SISTEMA |
| Número de control de sistema |
UPN01000220956 |
| 040 ## - FUENTE DE LA CATALOGACIÓN |
| Centro catalogador/agencia de origen |
UPN |
| Lengua de catalogación |
spa |
| Centro/agencia transcriptor |
UPN |
| Normas de descripción |
aacr2 |
| 049 ## - COLECCIÓN |
| Colección |
ART-E |
| 100 1# - ASIENTO PRINCIPAL--NOMBRE PERSONAL |
| Nombre de persona |
Estupiñan Ricardo, Jesús |
| Enlace |
- jestupinan@utb.edu.ec |
| 100 1# - ASIENTO PRINCIPAL--NOMBRE PERSONAL |
| Nombre de persona |
Cherrez Cano, Isabel Matilde |
| Enlace |
- |
| 100 1# - ASIENTO PRINCIPAL--NOMBRE PERSONAL |
| Nombre de persona |
Intriago Alcívar, Glenda Cecibel |
| Enlace |
- |
| 100 1# - ASIENTO PRINCIPAL--NOMBRE PERSONAL |
| Nombre de persona |
Torres Vargas, Richard Javier |
| 245 10 - MENCIÓN DE TÍTULO |
| Título |
Neurociencia cognitiva e inteligencia emocional. La gestión pedagógica en el contexto de la formación profesional |
| Medio |
[recurso electrónico en línea] |
| 506 0# - NOTA DE RESTRICCIONES AL ACCESO |
| Limitaciones de acceso |
Acceso abierto |
| 520 3# - NOTA DE RESUMEN, ETC. |
| Sumario, etc. |
La sociedad contemporánea denominada “La era de la información y del conocimiento” evidencia complejidad en los ámbitos industrial y tecnológico, así como en la tendencia permanente a la mundialización y globalización económica, política, social y cultural; esto exige la utilización de habilidades y competencias tanto personales, como sociales y profesionales para lograr eficacia y eficiencia en el desempeño frente a los cambios continuos que exigen las necesidades actuales. La educación, para estar a tono con el momento histórico y contextual, requiere contemplar la apertura hacia las nuevas propuestas de cambio desde el punto de vista del desarrollo de la inteligencia emocional, para solucionar los problemas de la crisis social y afrontar los diversos desafíos que presenta el entorno. Lo anterior exige una concienciación del docente para que se apreste a revisar el currículo e incluya las dimensiones referidas a la formación de la inteligencia emocional de la persona. El estudio de los fundamentos de la neurociencia cognitiva de la personalidad está directamente vinculado con la constante reparación estabilizadora del medio interno, la alimentación, la reproducción, las respuestas defensivas de ataque y huida, las reacciones de agrado y desagrado, la activación general y los ritmos endógenos. |
| 650 #4 - ASIENTO SECUNDARIO DE MATERIA - TERMINO TEMATICO |
| Término de materia o nombre geográfico como elemento de entrada |
Neurociencia cognitiva |
| 9 (RLIN) |
14183 |
| 650 #7 - ASIENTO SECUNDARIO DE MATERIA - TERMINO TEMATICO |
| 9 (RLIN) |
1394 |
| Término de materia o nombre geográfico como elemento de entrada |
Inteligencia emocional |
| 650 #4 - ASIENTO SECUNDARIO DE MATERIA - TERMINO TEMATICO |
| Término de materia o nombre geográfico como elemento de entrada |
Formación profesional |
| 9 (RLIN) |
9108 |
| 653 0# - TERMINO DE INDIZACION - NO CONTROLADO |
| Término no controlado |
Curriculum |
| 773 ## - ENLACE AL DOCUMENTO FUENTE/ENTRADA DE REGISTRO ANFITRIÓN |
| Parte(s) relacionada(s) |
Vol. 7, no. 4 (2016), p. 207-214 |
| Número Internacional Normalizado para Publicaciones Seriadas |
Didasc@lia : didáctica y educación |
| Designación de CODEN |
2224-2643 |
| 856 4# - LOCALIZACIÓN Y ACCESO ELECTRÓNICOS |
| Identificador Uniforme del Recurso |
<a href="https://dialnet.unirioja.es/servlet/articulo?codigo=6667026">https://dialnet.unirioja.es/servlet/articulo?codigo=6667026</a> |
| 902 ## - ELEMENTOS DE DATOS B LOCAL, LDB (RLIN) |
| Creó |
Gloria Jiménez/0624 |
| 905 ## - TIPO DE MATERIAL |
| Tipo de material |
Articulo |
| 942 ## - ELEMENTOS DE PUNTO DE ACCESO ADICIONAL (KOHA) |
| Tipo de ítem Koha |
Artículo Electrónico |